00672nam a2200217 a 450000500170000000800410001702000180005805000250007610000180010124500880011925000120020726000400021930000210025944000320028052100090031265000230032165000550034470000180039970000170041770000200043420140310183605.0120608s19uu xx 00 eng d a9780390243485 aHD 30.28b.D475 2010 aDess, Gregory aStrategy and policy /cGregory Dess, G.T. Lumpkin, Alan Eisner, and Gerry McNamara. a4th ed. aBoston :bMcGraw-Hill/Irwin,c2010. a217 p. :c26 cm. aCourse: strategy and policy aBSBA aStrategic planning aIndustrial managementxUnited StatesxCase Studies aLumpkin, G.T. aEisner, Alan aMcNamara, Gerry